|
|
|
|
| LEADER |
00000naa2a2200000 4500 |
| 001 |
390376 |
| 005 |
20231101063952.0 |
| 035 |
|
|
|a (RuTPU)RU\TPU\prd\23377
|
| 090 |
|
|
|a 390376
|
| 100 |
|
|
|a 20040302a2003 k y0rusy50 ca
|
| 101 |
0 |
|
|a rus
|
| 102 |
|
|
|a RU
|
| 200 |
1 |
|
|a Топливно-энергетические ресурсы и проблемы жилищно-коммунального хозяйства Таймырского автономного округа
|f В. П. Коровкин
|
| 225 |
1 |
|
|a Энергосбережение в регионах России
|
| 320 |
|
|
|a Библиогр.: 8 назв.
|
| 461 |
|
1 |
|0 (RuTPU)RU\TPU\prd\913
|x 1609-7505
|t Энергосбережение
|o специализированный журнал
|f Ассоциация инженеров по отоплению, вентиляции, кондиционированию воздуха, теплоснабжению и строительной теплофизике (АВОК), ООО ИИП "АВОК-ПРЕСС"
|d 2000-
|
| 463 |
|
1 |
|0 (RuTPU)RU\TPU\prd\21216
|t № 6
|v С. 74-81
|d 2003
|
| 610 |
1 |
|
|a топливно-энергетические ресурсы
|
| 610 |
1 |
|
|a ЖКХ
|
| 610 |
1 |
|
|a жилищно-коммунальное хозяйство
|
| 610 |
1 |
|
|a Таймыр
|
| 610 |
1 |
|
|a системы жизнеобеспечения
|
| 610 |
1 |
|
|a эффективность
|
| 610 |
1 |
|
|a энергоснабжение
|
| 610 |
1 |
|
|a посёлки
|
| 700 |
|
1 |
|a Коровкин
|b В. П.
|
| 801 |
|
1 |
|a RU
|b 63413507
|c 20040302
|g PSBO
|
| 801 |
|
2 |
|a RU
|b 63413507
|c 20120417
|g RCR
|
| 942 |
|
|
|c BK
|